000 00592nam a22001937a 4500
003 KOHA_MİRAKIL
005 20251221162141.0
008 251221b tu ||||| |||| 00| 0 tur d
020 _a9786259928661
040 _aTR-AnABB
_btur
_cTR-AnABB
041 _atur
082 _a711.409561
_bCAG 2023
100 1 _aÇölgeçen, Ahmet Ertan,
245 1 0 _aÇağdaş kentlerin kurumsuzlaştırılması ya da yeniden kurumsallaştırılması /
260 _aAnkara :
_bİdealkent Yayınları,
_c2023
300 _a479 sayfa ;
_c24 cm
650 0 4 _aKent planlaması
942 _2ddc
_cBK
999 _c9869
_d9869
900 _bGizem YORULMAZ